书目信息 |
| 题名: |
网店商品图片与视频拍摄、处理全能一本通
|
|
| 作者: | 解新华 , 许耿 主编 | |
| 分册: | ||
| 出版信息: | 北京 人民邮电出版社 2017 |
|
| 页数: | 232页 | |
| 开本: | 26cm | |
| 丛书名: | ||
| 单 册: | ||
| 中图分类: | J412.9 | |
| 科图分类: | ||
| 主题词: | 商业摄影--shang ye she ying--摄影技术 | |
| 电子资源: | ||
| ISBN: | 978-7-115-44968-9 | |
| 000 | 01597nam0 2200265 450 | |
| 001 | 012017000485 | |
| 005 | 20180111090519.93 | |
| 010 | @a978-7-115-44968-9@b@dCNY69.80 | |
| 100 | @a20170526d2017 em y0chiy0121 ea | |
| 101 | 0 | @achi |
| 102 | @aCN@b110000 | |
| 105 | @aak z 000yy | |
| 106 | @ar | |
| 200 | 1 | @a网店商品图片与视频拍摄、处理全能一本通@Awang dian shang pin tu pian yu shi pin pai she 、chu li quan neng yi ben tong@e商品摄影 图片处理 淘宝视频制作@f解新华, 许耿主编@g |
| 210 | @a北京@c人民邮电出版社@d2017 | |
| 215 | @a232页@c彩图@d26cm | |
| 330 | @a随着电商行业的迅猛发展, 网络购物已经成为一种流行的购物趋势。通过网络图片信息来吸引消费者的眼球, 是网店卖家促成交易的关键因素之一。由于消费者很多时候是通过图片信息来决定是否购买商品, 因此, 图片的质量起着十分重要的作用。本书是以网店图片和视频拍摄为出发点, 以为卖家提供图片和视频拍摄与处理方法为主旨编写的教程。本书内容全面且实用, 包括网店商品拍摄基础、商品拍摄的基本设置、服装饰品类商品的拍摄、美容护肤类商品的拍摄、玻璃和金属制品类商品的拍摄、数码家电类商品的拍摄、利用光影魔术手美化图片、利用Photoshop处理图片、拍摄商品视频、剪辑制作视频、添加转场和滤镜、添加字幕与音频、视频的输出与上传等内容。各章内容由浅入深, 实例丰富, 能有效地引导读者学习和提升淘宝摄影与后期处理的技能。 | |
| 517 | 1 | @a商品摄影 图片处理 淘宝视频制作@Ashang pin she ying tu pian chu li tao bao shi pin zhi zuo |
| 606 | 0 | @a商业摄影@Ashang ye she ying@x摄影技术 |
| 690 | @aJ412.9@v5 | |
| 701 | 0 | @a解新华@Axie xin hua@4主编 |
| 701 | 0 | @a许耿@Axu geng@4主编 |
| 801 | 0 | @aCN@b湖北三新@c20170927@g |
| 905 | @aBZT@dJ412.9@e5 | |
| 906 | @dCNY69.80@n5@r1 | |
| 网店商品图片与视频拍摄、处理全能一本通:商品摄影 图片处理 淘宝视频制作/解新华, 许耿主编.-北京:人民邮电出版社,2017 |
| 232页:彩图;26cm |
| ISBN 978-7-115-44968-9:CNY69.80 |
| 随着电商行业的迅猛发展, 网络购物已经成为一种流行的购物趋势。通过网络图片信息来吸引消费者的眼球, 是网店卖家促成交易的关键因素之一。由于消费者很多时候是通过图片信息来决定是否购买商品, 因此, 图片的质量起着十分重要的作用。本书是以网店图片和视频拍摄为出发点, 以为卖家提供图片和视频拍摄与处理方法为主旨编写的教程。本书内容全面且实用, 包括网店商品拍摄基础、商品拍摄的基本设置、服装饰品类商品的拍摄、美容护肤类商品的拍摄、玻璃和金属制品类商品的拍摄、数码家电类商品的拍摄、利用光影魔术手美化图片、利用Photoshop处理图片、拍摄商品视频、剪辑制作视频、添加转场和滤镜、添加字幕与音频、视频的输出与上传等内容。各章内容由浅入深, 实例丰富, 能有效地引导读者学习和提升淘宝摄影与后期处理的技能。 |
| ● |
| 相关链接 |
|
|
|
正题名:网店商品图片与视频拍摄、处理全能一本通
索取号:J412.9/5
 
预约/预借
| 序号 | 登录号 | 条形码 | 馆藏地/架位号 | 状态 | 备注 |
| 1 | 846219 | 2000846219 | 第二书库/ [索取号:J412.9/5] | 在馆 | |
| 2 | 846220 | 2000846220 | 第二书库/ [索取号:J412.9/5] | 在馆 | |
| 3 | 846221 | 2000846221 | 第二书库/ [索取号:J412.9/5] |
已借出,限还日期为2021.12.26 借出人:秦虹 |